[Event "PERLA BALTYKU"]
[Site "Lazy"]
[Date "2013.07.02"]
[Round "3.7"]
[White "Adamowicz, Katarzyna"]
[Black "Chojnacki, Krzysztof"]
[Result "1/2-1/2"]
[WhiteElo "2104"]
[BlackElo "2442"]
[PlyCount "97"]
[EventDate "2013.??.??"]

1. e4 e5 2. Nf3 Nc6 3. Bb5 a6 4. Ba4 Nf6 5. O-O Be7 6. Re1 b5 7. Bb3 d6 8. c3
O-O 9. h3 Nb8 10. d4 Nbd7 11. Nbd2 Bb7 12. Bc2 Re8 13. b3 Bf8 14. d5 c6 15. c4
Rb8 16. Nf1 Qc7 17. Bg5 h6 18. Be3 Nb6 19. N3d2 a5 20. Rc1 bxc4 21. bxc4 Rec8
22. Bxb6 Qxb6 23. Ne3 cxd5 24. cxd5 Ba6 25. Bb3 Rxc1 26. Qxc1 Rc8 27. Bc4 Qd4
28. Nf5 Rxc4 29. Nxc4 Qxc4 30. Qxc4 Bxc4 31. f3 g6 32. Ne3 Bxa2 33. Ra1 Bb3 34.
Rxa5 Nd7 35. Ra8 Kg7 36. h4 Nc5 37. Ra7 h5 38. g3 Kf6 39. g4 hxg4 40. fxg4 Nxe4
41. g5+ Kg7 42. Ra3 Nc5 43. Ra7 e4 44. Kg2 Ba4 45. Ng4 Bd7 46. Nf6 Bb5 47. Kf2
Nd3+ 48. Ke3 Ne5 49. Kxe4 1/2-1/2

[Event "PERLA BALTYKU"]
[Site "Lazy"]
[Date "2013.07.02"]
[Round "3.8"]
[White "Kanarek, Marcel"]
[Black "Betkowski, Andrzej"]
[Result "1-0"]
[WhiteElo "2478"]
[BlackElo "2066"]
[PlyCount "121"]
[EventDate "2013.??.??"]

1. d4 f5 2. c4 Nf6 3. g3 g6 4. Bg2 Bg7 5. Nf3 O-O 6. O-O d6 7. Nc3 c6 8. Qb3
Qb6 9. d5 Bd7 10. Be3 Qxb3 11. axb3 cxd5 12. cxd5 Na6 13. Ng5 Ng4 14. Bd2 Nc5
15. Ra3 Rfc8 16. Rfa1 Bd4 17. e3 Bf6 18. Ne6 a6 19. Nxc5 dxc5 20. f4 Rab8 21.
h3 Nh6 22. Nd1 Nf7 23. Bc3 Kg7 24. Nf2 Nd6 25. Be5 Bb5 26. e4 Re8 27. Re1 Rbd8
28. Raa1 fxe4 29. Nxe4 Nxe4 30. Bxe4 Rc8 31. Rac1 b6 32. Kf2 Bd7 33. h4 h5 34.
Rc2 Bf5 35. Ke3 a5 36. Kd3 Bd7 37. Ke3 Kf7 38. Bd3 Bf5 39. Rce2 Bg4 40. Rf2
Red8 41. Rd2 Ra8 42. Be4 Rac8 43. Rc1 Bf5 44. Rc3 Rd7 45. Rc1 Rcd8 46. Bg2 Ra7
47. Rcd1 Bg4 48. Bf3 Bxf3 49. Kxf3 a4 50. bxa4 Bxe5 51. fxe5 Rxa4 52. Rf1 Rb4
53. Ke3+ Kg8 54. Rf4 Rb3+ 55. Ke4 Rxg3 56. d6 exd6 57. exd6 Rg1 58. Kd5 g5 59.
hxg5 Rxg5+ 60. Kc6 Rg7 61. d7 1-0

[Event "PERLA BALTYKU"]
[Site "Lazy"]
[Date "2013.07.02"]
[Round "3.9"]
[White "Eggink, Mateusz"]
[Black "Jarmula, Pawel"]
[Result "1/2-1/2"]
[WhiteElo "2044"]
[BlackElo "2174"]
[PlyCount "101"]
[EventDate "2013.??.??"]

1. e4 c5 2. Nf3 d6 3. d4 Nf6 4. Nc3 cxd4 5. Nxd4 a6 6. Be2 e5 7. Nb3 Be7 8. O-O
O-O 9. Be3 Be6 10. Qd2 Nbd7 11. a4 Qc7 12. a5 Rfd8 13. f4 exf4 14. Rxf4 Rac8
15. Nd4 Re8 16. Nf5 Bf8 17. g4 Bxf5 18. exf5 d5 19. Bd4 Bd6 20. Rf2 Ne4 21.
Nxe4 Rxe4 22. c3 Bf4 23. Qd1 Rce8 24. Bf3 Bxh2+ 25. Kh1 Bg3 26. Bxe4 Bxf2 27.
Bxd5 Bxd4 28. Qxd4 Nf6 29. Rg1 Nxd5 30. Qxd5 Re5 31. Qf3 h6 32. b4 Qe7 33. Qf4
Re2 34. g5 hxg5 35. Rxg5 Re1+ 36. Rg1 Re4 37. Rxg7+ Kxg7 38. f6+ Qxf6 39. Qxe4
Qh6+ 40. Kg2 Qg6+ 41. Kf3 Qxe4+ 42. Kxe4 Kf6 43. Kd5 Kg5 44. b5 axb5 45. Kc5 f5
46. Kb6 f4 47. Kxb7 f3 48. a6 f2 49. a7 f1=Q 50. a8=Q Qf3+ 51. Ka7 1/2-1/2

[Event "PERLA BALTYKU"]
[Site "Lazy"]
[Date "2013.07.02"]
[Round "3.10"]
[White "Krainski, Slawomir"]
[Black "Nowicki, Bartosz"]
[Result "0-1"]
[WhiteElo "2035"]
[BlackElo "2157"]
[PlyCount "80"]
[EventDate "2013.??.??"]

1. d4 Nf6 2. Nf3 g6 3. c4 Bg7 4. Nc3 O-O 5. Bg5 d6 6. e3 Nbd7 7. Be2 e5 8. dxe5
dxe5 9. O-O h6 10. Bh4 c6 11. b4 Qc7 12. Qb3 Re8 13. Nd2 Nf8 14. c5 Be6 15. Bc4
g5 16. Bg3 Ng6 17. Bxe6 Rxe6 18. Nde4 Ne8 19. Rad1 Qe7 20. f3 Kh8 21. Bf2 f5
22. Ng3 Nh4 23. e4 f4 24. Nge2 Ng6 25. Rd3 Nf6 26. Rfd1 g4 27. Rd6 Nf8 28. Bh4
gxf3 29. gxf3 Re8 30. R6d3 Qf7 31. Kh1 Qh5 32. Bf2 N8h7 33. Ng1 Ng5 34. Nce2
Rg8 35. Rd8 Bf8 36. Rxf8 Rxf8 37. Kg2 Nfxe4 38. fxe4 f3+ 39. Kf1 fxe2+ 40. Nxe2
Ref6 0-1

[Event "PERLA BALTYKU"]
[Site "Lazy"]
[Date "2013.07.02"]
[Round "3.11"]
[White "Reza, Wojciech"]
[Black "Nowak, Maciej"]
[Result "1-0"]
[WhiteElo "2122"]
[BlackElo "2010"]
[PlyCount "125"]
[EventDate "2013.??.??"]

1. e4 c5 2. Nf3 Nc6 3. d4 cxd4 4. Nxd4 Nf6 5. Nc3 d6 6. Bg5 e6 7. Qd2 a6 8.
O-O-O Bd7 9. f4 b5 10. Qe1 Qb6 11. Nxc6 Bxc6 12. Nd5 Nxd5 13. exd5 Bd7 14. Bd3
Be7 15. Bxe7 Kxe7 16. Qh4+ Kf8 17. dxe6 fxe6 18. Rhf1 Qd8 19. Qh5 Qf6 20. Be4
Be8 21. Qh3 Rd8 22. Qa3 Qe7 23. Qxa6 g6 24. g4 Kg7 25. Bd3 Qd7 26. Qb6 Rf8 27.
Bxb5 Qe7 28. Bc4 d5 29. Bb3 Bf7 30. Qd4+ Kg8 31. Rde1 Qh4 32. Qg1 Qf6 33. Qg3
Kh8 34. Qe3 Bg8 35. Qe5 Kg7 36. a4 Qxe5 37. fxe5 Rfe8 38. Rf4 Rb8 39. g5 Rec8
40. Kd2 Rc5 41. Re3 Ra5 42. Rc3 Rb7 43. Rc8 Bf7 44. Kc3 d4+ 45. Kxd4 Rd7+ 46.
Ke4 Raa7 47. Ke3 Rd1 48. Bc4 h6 49. Be2 Rh1 50. gxh6+ Kxh6 51. h4 g5 52. Rf6+
Kg7 53. hxg5 Rg1 54. Rc4 Rxg5 55. Rg4 Rxg4 56. Bxg4 Rxa4 57. Bxe6 Bg6 58. c4
Rb4 59. Rf2 Rb3+ 60. Kd4 Rd3+ 61. Kc5 Re3 62. b4 Rxe5+ 63. Bd5 1-0

[Event "PERLA BALTYKU"]
[Site "Lazy"]
[Date "2013.07.02"]
[Round "3.12"]
[White "Mazalon, Mariusz"]
[Black "Kovalev, Egor"]
[Result "1-0"]
[WhiteElo "2029"]
[BlackElo "2099"]
[PlyCount "82"]
[EventDate "2013.??.??"]

1. d4 Nf6 2. c4 g6 3. Nc3 d5 4. Nf3 Bg7 5. e3 O-O 6. cxd5 Nxd5 7. Bc4 Nb6 8.
Be2 Nc6 9. O-O e5 10. d5 Ne7 11. e4 f5 12. Qb3 Kh8 13. Rd1 fxe4 14. Ng5 h6 15.
Ne6 Bxe6 16. dxe6 Qe8 17. Nxe4 Nf5 18. Be3 Nxe3 19. fxe3 Qe7 20. Rac1 Rad8 21.
Nc5 c6 22. a4 Rd5 23. Rxd5 cxd5 24. a5 Nc4 25. Nd7 Re8 26. Bxc4 dxc4 27. Qxc4
Qd6 28. Qb3 e4 29. Qxb7 Qd2 30. Rf1 Qxe3+ 31. Kh1 Qe2 32. Rg1 Bd4 33. Nf6 Bxf6
34. Qf7 Rxe6 35. Qxe6 Bxb2 36. Qxg6 Bg7 37. Rb1 Qf2 38. Rb8+ Bf8 39. Qxh6+ Kg8
40. Rxf8+ Qxf8 41. Qxf8+ Kxf8 1-0

[Event "PERLA BALTYKU"]
[Site "Lazy"]
[Date "2013.07.02"]
[Round "3.13"]
[White "Pietruszewski, Marcin"]
[Black "Kowalski, Maciej"]
[Result "0-1"]
[WhiteElo "2099"]
[BlackElo "1908"]
[PlyCount "130"]
[EventDate "2013.??.??"]

1. e4 e5 2. Nf3 Nc6 3. Bb5 f5 4. Nc3 fxe4 5. Nxe4 Nf6 6. Qe2 d5 7. Ng3 Bd6 8.
Nxe5 O-O 9. Bxc6 bxc6 10. O-O Re8 11. d4 Ng4 12. Bf4 Qh4 13. h3 Nh2 14. Kxh2
Qxf4 15. Qh5 g6 16. Nxg6 hxg6 17. Qxg6+ Kf8 18. Kh1 Re6 19. Qf5+ Rf6 20. Qd3
Bf5 21. Qc3 Be4 22. Qe3 Re8 23. Qxf4 Rxf4 24. Rac1 Bg6 25. c3 Rf7 26. Kg1 c5
27. Rfe1 Rb8 28. Re6 Kg7 29. b3 Rbf8 30. Re2 Bd3 31. Rd2 c4 32. Re1 Kh7 33. Nf1
Bf4 34. Ne3 Re8 35. b4 Rfe7 36. a3 Re6 37. g3 Bh6 38. Kg2 R8e7 39. Kg1 Kg8 40.
Rb2 Kf8 41. h4 Ke8 42. Ra2 Kd7 43. Rb2 Bg6 44. Rbe2 Kc6 45. a4 Bd3 46. Rb2 Kd7
47. Ra2 Ke8 48. Rb2 Kf7 49. Ra2 Kg6 50. Rb2 Kh5 51. Rd2 Bxe3 52. Rxe3 Rxe3 53.
fxe3 Rxe3 54. Kf2 Re6 55. Kf3 Rf6+ 56. Ke3 Kg4 57. Rf2 Rxf2 58. Kxf2 Bc2 59.
Ke3 Bxa4 60. h5 Kxh5 61. Kf4 c6 62. Kf5 Bc2+ 63. Kf4 a6 64. Ke5 Kg4 65. Kd6 Ba4
0-1

[Event "PERLA BALTYKU"]
[Site "Lazy"]
[Date "2013.07.02"]
[Round "3.14"]
[White "Suliborski, Jakub"]
[Black "Stankiewicz, Pawel"]
[Result "1/2-1/2"]
[WhiteElo "2007"]
[BlackElo "2070"]
[PlyCount "45"]
[EventDate "2013.??.??"]

1. e4 b6 2. d4 Bb7 3. Nc3 e6 4. Bd3 Nf6 5. Nge2 Bb4 6. O-O c5 7. e5 cxd4 8.
Nxd4 Nd5 9. Ne4 f5 10. exf6 Nxf6 11. Bg5 O-O 12. Qf3 Kh8 13. Qh3 Rf7 14. Nf3
Nc6 15. Bh4 h6 16. Bxf6 gxf6 17. Qxh6+ Kg8 18. Nfg5 fxg5 19. Nxg5 Rg7 20. Bh7+
Kf8 21. Bg6 Kg8 22. Bh7+ Kf8 23. Bg6 1/2-1/2

[Event "PERLA BALTYKU"]
[Site "Lazy"]
[Date "2013.07.02"]
[Round "3.15"]
[White "Poswiatowski, Michal"]
[Black "Januszkiewicz, Wojciech"]
[Result "1/2-1/2"]
[WhiteElo "2067"]
[BlackElo "1830"]
[PlyCount "65"]
[EventDate "2013.??.??"]

1. e4 c5 2. Nf3 d6 3. d4 cxd4 4. Nxd4 Nf6 5. Nc3 a6 6. Bg5 Nbd7 7. Qd2 h6 8.
Bh4 e6 9. O-O-O Be7 10. f4 Qc7 11. a4 O-O 12. Qe1 Nc5 13. Bd3 e5 14. Nde2 b5
15. Bxf6 Bxf6 16. Nd5 Qd8 17. a5 exf4 18. Nexf4 Be5 19. Qb4 Bg4 20. Rd2 Rc8 21.
Be2 Be6 22. g3 Kh8 23. Rhd1 Qg5 24. Kb1 Rc6 25. Rf1 Rfc8 26. Ne3 Na4 27. Nd1
Rc4 28. Bxc4 Rxc4 29. Qa3 Nc5 30. h4 Qe7 31. Qf3 Nxe4 32. Re2 Nf6 33. Nxe6
1/2-1/2

[Event "PERLA BALTYKU"]
[Site "Lazy"]
[Date "2013.07.02"]
[Round "3.16"]
[White "Adamowicz, Maciej"]
[Black "Jacek, Roksana"]
[Result "1-0"]
[WhiteElo "2036"]
[BlackElo "1835"]
[PlyCount "75"]
[EventDate "2013.??.??"]

1. c4 e5 2. g3 c6 3. Nf3 e4 4. Nd4 d5 5. cxd5 Nf6 6. Bg2 cxd5 7. O-O Bc5 8. Nb3
Bb6 9. d3 Qe7 10. Bg5 Nbd7 11. Nc3 Qe6 12. Qc2 e3 13. d4 exf2+ 14. Rxf2 O-O 15.
Raf1 Qg4 16. Bxf6 Nxf6 17. Nxd5 Nxd5 18. Bxd5 Bxd4 19. Nxd4 Qxd4 20. Qb3 Bh3
21. e3 Qc5 22. Rxf7 Rxf7 23. Rxf7 Kh8 24. Qc3 Qxc3 25. bxc3 Rc8 26. Bxb7 Rd8
27. Bd5 h6 28. c4 Rb8 29. Rb7 Rf8 30. Bg2 Be6 31. Rxa7 Bxc4 32. a4 Rd8 33. Ra8
Rxa8 34. Bxa8 Ba6 35. Kf2 Kg8 36. Bd5+ Kf8 37. e4 Ke7 38. e5 1-0

[Event "PERLA BALTYKU"]
[Site "Lazy"]
[Date "2013.07.02"]
[Round "3.17"]
[White "Galaktionov, Artem"]
[Black "Kaczorowski, Piotr"]
[Result "0-1"]
[WhiteElo "1943"]
[BlackElo "2058"]
[PlyCount "112"]
[EventDate "2013.??.??"]

1. e4 g6 2. Bc4 Bg7 3. Nf3 c5 4. O-O Nc6 5. c3 d6 6. d4 cxd4 7. cxd4 Nf6 8. Nc3
O-O 9. h3 Nxe4 10. Nxe4 d5 11. Bd3 dxe4 12. Bxe4 Nxd4 13. Nxd4 Qxd4 14. Qf3 Qb6
15. Rb1 Rb8 16. Bf4 e5 17. Be3 Qa6 18. Bc5 Re8 19. Qe3 Be6 20. Bxa7 Ra8 21. Bc5
f5 22. Bd3 Qxa2 23. Bb5 Rec8 24. b4 e4 25. Bd4 Ra3 26. Ra1 Rxe3 27. Rxa2 Bxd4
28. Rd2 Rd3 29. Bxd3 exd3 30. Rxd3 Bf6 31. Rd6 Kf7 32. Re1 Re8 33. b5 Bc3 34.
Re2 Bb4 35. Rd1 b6 36. Rc1 Bc5 37. Kf1 Ra8 38. Rec2 Ra5 39. Rb1 f4 40. Rc3 Ra2
41. Rf3 g5 42. Rd1 Bc4+ 43. Kg1 Be2 44. Rd7+ Ke6 45. Rxh7 Bxf3 46. gxf3 Rxf2
47. Rh5 Rxf3+ 48. Kh2 Kf6 49. Rh6+ Kf5 50. Rh8 Rf2+ 51. Kg1 Ke4 52. Rc8 Kf3 53.
Rxc5 bxc5 54. b6 Rb2 55. h4 g4 56. h5 g3 0-1

[Event "PERLA BALTYKU"]
[Site "Lazy"]
[Date "2013.07.02"]
[Round "3.18"]
[White "Karwowski, Kacper"]
[Black "Tselkovskiy, Kirill"]
[Result "1-0"]
[WhiteElo "1930"]
[BlackElo "2027"]
[PlyCount "133"]
[EventDate "2013.??.??"]

1. e4 e5 2. Nf3 Nc6 3. Bb5 f5 4. Nc3 fxe4 5. Nxe4 Nf6 6. Qe2 d5 7. Neg5 e4 8.
Ne5 Ng4 9. Nxc6 Qxg5 10. Nxa7+ Kd8 11. Nxc8 Kxc8 12. d3 e3 13. h3 Nxf2 14. Bxe3
Qh4 15. O-O Nxh3+ 16. gxh3 Qg3+ 17. Kh1 Qxh3+ 18. Qh2 Qxh2+ 19. Kxh2 c6 20. Rf7
Bd6+ 21. Kh3 cxb5 22. Bd4 Ra6 23. Rxg7 Rf8 24. Rxh7 Bb8 25. Rg1 Re6 26. Rh5 Re2
27. Rxd5 Rh2+ 28. Kg4 Rxc2 29. Rc5+ Rxc5 30. Bxc5 Rd8 31. Rc1 Kd7 32. Kf3 Bd6
33. d4 Rc8 34. Rd1 Bxc5 35. dxc5+ Kc6 36. b4 Ra8 37. Rd6+ Kc7 38. Rd2 Ra4 39.
Rb2 Ra3+ 40. Ke4 Rh3 41. Rf2 Rh4+ 42. Rf4 Rh2 43. Rf7+ Kc6 44. Rf6+ Kc7 45. a3
Re2+ 46. Kd4 Ra2 47. Rb6 Rxa3 48. Rxb5 Rh3 49. Rb6 Rh4+ 50. Kc3 Rg4 51. Rh6 Rf4
52. Kb3 Rg4 53. Rh7+ Kc6 54. Ka4 Rf4 55. Ka5 Rf1 56. b5+ Kxc5 57. Rc7+ Kd6 58.
Kb6 Rb1 59. Rxb7 Ra1 60. Rh7 Rb1 61. Rh2 Kd7 62. Rc2 Rd1 63. Kb7 Kd8 64. b6 Kd7
65. Kb8 Kd8 66. b7 Kd7 67. Ra2 1-0

[Event "PERLA BALTYKU"]
[Site "Lazy"]
[Date "2013.07.02"]
[Round "3.19"]
[White "Smal, Tobiasz"]
[Black "Ivanova, Karina"]
[Result "0-1"]
[WhiteElo "1893"]
[BlackElo "2014"]
[PlyCount "58"]
[EventDate "2013.??.??"]

1. e4 c6 2. d4 d5 3. f3 dxe4 4. fxe4 e5 5. Nf3 exd4 6. Bc4 Nf6 7. O-O Nbd7 8.
e5 Nd5 9. c3 Be7 10. Bxd5 cxd5 11. cxd4 O-O 12. Nc3 Nb6 13. Qe1 Be6 14. Qg3 Kh8
15. Ne2 Rc8 16. Nf4 Bf5 17. h4 Rc6 18. h5 Nc4 19. Nh3 Qd7 20. Nf2 Rb6 21. h6
gxh6 22. Nd1 Rg6 23. Qh2 Rfg8 24. Rf2 Bh3 25. Ne1 Bh4 26. b3 Qg4 27. bxc4 Qxd1
28. Qxh3 Qxe1+ 29. Rf1 Bf2+ 0-1

[Event "PERLA BALTYKU"]
[Site "Lazy"]
[Date "2013.07.02"]
[Round "3.20"]
[White "Nowak, Ryszard"]
[Black "Malaczek, Mateusz"]
[Result "1/2-1/2"]
[WhiteElo "2010"]
[BlackElo "1849"]
[PlyCount "60"]
[EventDate "2013.??.??"]

1. c4 b6 2. Nf3 Bb7 3. Nc3 Nf6 4. g3 Bxf3 5. exf3 c5 6. Bg2 Nc6 7. O-O e6 8.
Re1 Be7 9. f4 O-O 10. b3 Rc8 11. Ne2 d5 12. cxd5 Nxd5 13. Bb2 Bf6 14. d4 Nde7
15. Qd2 Nxd4 16. Nxd4 Bxd4 17. Bxd4 Qxd4 18. Rad1 Rfd8 19. Qe2 Qb4 20. Qa6 Rd4
21. Qxa7 Nf5 22. a3 Qxb3 23. Rb1 Qa4 24. Qxb6 Qxa3 25. Rxe6 Rcd8 26. Re5 g6 27.
Bf1 Rd1 28. Rxc5 Qxc5 29. Qxc5 Rxb1 30. Kg2 Rbb8 1/2-1/2

[Event "PERLA BALTYKU"]
[Site "Lazy"]
[Date "2013.07.02"]
[Round "3.21"]
[White "Szewczyk, Mariusz"]
[Black "Wasik, Piotr"]
[Result "0-1"]
[WhiteElo "2047"]
[BlackElo "1990"]
[PlyCount "68"]
[EventDate "2013.??.??"]

1. e4 c5 2. Nf3 e6 3. d4 cxd4 4. Nxd4 a6 5. Nc3 b5 6. a3 Bb7 7. Bd3 Qb6 8. Nb3
Qc7 9. Bd2 Nf6 10. O-O Be7 11. Qe2 d6 12. a4 b4 13. Na2 a5 14. c3 bxc3 15. Nxc3
Nc6 16. Nb5 Qb8 17. Rfc1 O-O 18. Bc3 Rc8 19. Qd2 Bd8 20. Qf4 e5 21. Qd2 Bb6 22.
Qe2 h6 23. Bd2 Rd8 24. Be3 Bxe3 25. Qxe3 Nb4 26. f3 d5 27. Bb1 dxe4 28. fxe4
Bc6 29. Nc3 Qb7 30. Qc5 Nxe4 31. Nxe4 Bxe4 32. Bxe4 Qxe4 33. Nxa5 Rxa5 34. Qxa5
Rd2 0-1

[Event "PERLA BALTYKU"]
[Site "Lazy"]
[Date "2013.07.02"]
[Round "3.22"]
[White "Prazmowski, Bartosz"]
[Black "Janik, Igor"]
[Result "0-1"]
[WhiteElo "2025"]
[BlackElo "1930"]
[PlyCount "140"]
[EventDate "2013.??.??"]

1. d4 Nf6 2. Nf3 g6 3. c4 Bg7 4. Nc3 O-O 5. e4 d6 6. Be2 e5 7. Be3 exd4 8. Nxd4
Re8 9. f3 c6 10. O-O d5 11. cxd5 Nxd5 12. Bf2 Nxc3 13. bxc3 Nd7 14. Qc2 Qc7 15.
Rfd1 a6 16. Rab1 c5 17. Nb3 b6 18. Nd2 Be5 19. g3 Bb7 20. Nc4 Bc6 21. f4 Bxf4
22. gxf4 Bxe4 23. Qd2 Bxb1 24. Rxb1 Rad8 25. Bf1 b5 26. Qd6 Qc8 27. Na5 Re6 28.
Qd5 Qc7 29. Nb7 Rde8 30. Bh3 Nf6 31. Qf3 Ne4 32. Bxe6 Rxe6 33. Nxc5 Nxc5 34.
Qa8+ Kg7 35. Bd4+ f6 36. Qd5 Rc6 37. Re1 Nd3 38. Re6 Rxe6 39. Qxe6 Qf7 40. Qxa6
Nxf4 41. Qxb5 Qxa2 42. Qb7+ Qf7 43. Qa6 Qe7 44. Kf1 g5 45. Qa7 Qxa7 46. Bxa7
Kf7 47. Kf2 Ke6 48. Kf3 h5 49. c4 Ng6 50. c5 Ne5+ 51. Ke2 Kd5 52. Ke3 f5 53. h3
f4+ 54. Ke2 Nc6 55. Bb6 Nd4+ 56. Kf2 Ke4 57. Bd8 Kf5 58. Ba5 Nc6 59. Bc3 Ke4
60. Bd2 Ne5 61. Kf1 Kf3 62. Bc3 Nc6 63. Be1 g4 64. hxg4 hxg4 65. Bc3 g3 66. Bf6
Kg4 67. Bc3 f3 68. Bd2 Kh3 69. Bf4 Nd4 70. Be5 g2+ 0-1

[Event "PERLA BALTYKU"]
[Site "Lazy"]
[Date "2013-07-03"]
[Round "4.1"]
[White "Shishkin, Vadim"]
[Black "Weichhold, Pawel"]
[Result "1/2-1/2"]
[WhiteElo "2502"]
[BlackElo "2382"]
[PlyCount "63"]
[EventDate "2013.??.??"]

1. d4 Nf6 2. c4 e6 3. Nc3 Bb4 4. Qc2 O-O 5. a3 Bxc3+ 6. Qxc3 d5 7. Nf3 dxc4 8.
Qxc4 b6 9. Bg5 Ba6 10. Qa4 c5 11. Rd1 Qd7 12. Qc2 cxd4 13. Bxf6 gxf6 14. Rxd4
Qc6 15. Qxc6 Nxc6 16. Rg4+ Kh8 17. e3 Bxf1 18. Rxf1 Rac8 19. Ke2 Ne5 20. Nxe5
fxe5 21. Rd1 Rc2+ 22. Rd2 Rfc8 23. Re4 R8c5 24. Rg4 Rc7 25. g3 h6 26. h4 Kh7
27. h5 R7c5 28. Ra4 Rc7 29. Re4 R7c5 30. Ra4 Rc7 31. Re4 R7c5 32. Ra4 1/2-1/2

[Event "PERLA BALTYKU"]
[Site "Lazy"]
[Date "2013.07.03"]
[Round "4.2"]
[White "Warakomski, Tomasz"]
[Black "Zielinski, Wojciech"]
[Result "1-0"]
[WhiteElo "2488"]
[BlackElo "2145"]
[PlyCount "87"]
[EventDate "2013.??.??"]

1. e4 e6 2. d4 d5 3. Nd2 dxe4 4. Nxe4 Nf6 5. Nxf6+ Qxf6 6. Nf3 h6 7. Be3 b6 8.
Bb5+ c6 9. Bd3 Bd6 10. Nd2 Ba6 11. c4 Bb4 12. O-O Bxd2 13. Qxd2 Nd7 14. Qb4 Qe7
15. Qxe7+ Kxe7 16. b4 c5 17. dxc5 bxc5 18. b5 Bb7 19. a4 Rac8 20. Rfd1 g5 21.
a5 f5 22. Bd2 Rhd8 23. Bc3 Nf6 24. f3 h5 25. Kf2 g4 26. Be2 Nh7 27. a6 Ba8 28.
Be5 Nf8 29. Rxd8 Rxd8 30. Rd1 Nd7 31. Bd6+ Ke8 32. Kg3 gxf3 33. gxf3 Kf7 34.
Kf2 Rc8 35. Bg3 Nf8 36. Ke3 Kf6 37. Bh4+ Kf7 38. f4 Be4 39. Bxh5+ Kg7 40. Be2
Rc7 41. Bd8 Rc8 42. Be7 Rc7 43. Bd6 Rc8 44. Bxf8+ 1-0

[Event "PERLA BALTYKU"]
[Site "Lazy"]
[Date "2013.07.03"]
[Round "4.3"]
[White "Majdan-Gajewska, Joanna"]
[Black "Urban, Klaudiusz"]
[Result "1/2-1/2"]
[WhiteElo "2375"]
[BlackElo "2462"]
[PlyCount "30"]
[EventDate "2013.??.??"]

1. e4 c6 2. d4 d5 3. Nc3 dxe4 4. Nxe4 Nd7 5. Ng5 Ngf6 6. Bd3 g6 7. h4 Bg7 8. h5
Nxh5 9. Rxh5 gxh5 10. Qxh5 Qa5+ 11. Bd2 Qd5 12. Be4 Qc4 13. Bd3 Qd5 14. Be4 Qc4
15. Bd3 Qd5 1/2-1/2

[Event "PERLA BALTYKU"]
[Site "Lazy"]
[Date "2013.07.03"]
[Round "4.4"]
[White "Nowicki, Bartosz"]
[Black "Kanarek, Marcel"]
[Result "1/2-1/2"]
[WhiteElo "2157"]
[BlackElo "2478"]
[PlyCount "63"]
[EventDate "2013.??.??"]

1. e4 c5 2. Nf3 Nc6 3. d4 cxd4 4. Nxd4 g6 5. c4 Nf6 6. Nc3 d6 7. Be2 Nxd4 8.
Qxd4 Bg7 9. Be3 O-O 10. Qd2 a5 11. O-O a4 12. Rac1 Be6 13. f3 Qa5 14. Nd5 Qxd2
15. Bxd2 Bxd5 16. cxd5 Nd7 17. Be3 Nc5 18. Rc2 a3 19. bxa3 Rxa3 20. Bxc5 dxc5
21. Rb1 Rfa8 22. Bc4 R8a7 23. Rb6 Bd4+ 24. Kf1 g5 25. Ke2 g4 26. fxg4 Re3+ 27.
Kd1 Rxe4 28. d6 e6 29. d7 Bf6 30. Rd6 Bd8 31. Bb5 b6 32. h3 1/2-1/2

[Event "PERLA BALTYKU"]
[Site "Lazy"]
[Date "2013.07.03"]
[Round "4.5"]
[White "Sieciechowicz, Marcin"]
[Black "Reza, Wojciech"]
[Result "1-0"]
[WhiteElo "2462"]
[BlackElo "2122"]
[PlyCount "111"]
[EventDate "2013.??.??"]

1. d4 d5 2. c4 c6 3. Nf3 Nf6 4. Nc3 dxc4 5. a4 Bf5 6. Ne5 Nbd7 7. Nxc4 Qc7 8.
g3 e5 9. dxe5 Nxe5 10. Bf4 Nfd7 11. Bg2 f6 12. O-O O-O-O 13. Nxe5 Nxe5 14. Qb3
Qf7 15. Qxf7 Nxf7 16. Rac1 Bd6 17. Be3 Kb8 18. Ne4 Bxe4 19. Bxe4 g6 20. b3 Bb4
21. Rfd1 Rxd1+ 22. Rxd1 Kc7 23. h4 a6 24. g4 Ne5 25. g5 f5 26. Bc2 Re8 27. Kg2
Nd7 28. Bf4+ Kc8 29. e3 Nb6 30. Kf3 Rd8 31. Rxd8+ Kxd8 32. e4 fxe4+ 33. Bxe4
Ke7 34. h5 Kf7 35. Be5 Nd7 36. Bb2 Nc5 37. Bc2 Bd2 38. Kg4 Ne6 39. Bf6 Bc1 40.
b4 Ng7 41. h6 Ne8 42. Bb3+ Kf8 43. Bd4 Nc7 44. Bc5+ Ke8 45. Bg8 Nd5 46. b5 axb5
47. axb5 Bd2 48. b6 Bc1 49. Be6 Kd8 50. Bf7 Bb2 51. f4 Ne7 52. Bxe7+ Kxe7 53.
Bg8 Bd4 54. Bxh7 Bxb6 55. Bxg6 Bd4 56. Be4 1-0

[Event "PERLA BALTYKU"]
[Site "Lazy"]
[Date "2013.07.03"]
[Round "4.7"]
[White "Kowalski, Maciej"]
[Black "Aliavdin, Nikolai"]
[Result "0-1"]
[WhiteElo "1908"]
[BlackElo "2349"]
[PlyCount "44"]
[EventDate "2013.??.??"]

1. d4 Nf6 2. c4 c5 3. Nf3 cxd4 4. Nxd4 e5 5. Nb5 d5 6. cxd5 Bc5 7. N5c3 O-O 8.
e3 e4 9. Bc4 Nbd7 10. b3 a6 11. a4 Ne5 12. Qc2 Bf5 13. O-O Bg6 14. Nd2 Rc8 15.
Ndxe4 b5 16. axb5 axb5 17. f4 Nxe4 18. Nxe4 bxc4 19. bxc4 Nxc4 20. Qd3 Bxe4 21.
Qxe4 Re8 22. Qf5 g6 0-1

[Event "PERLA BALTYKU"]
[Site "Lazy"]
[Date "2013.07.03"]
[Round "4.8"]
[White "Bugalski, Michal"]
[Black "Adamowicz, Katarzyna"]
[Result "1-0"]
[WhiteElo "2161"]
[BlackElo "2104"]
[PlyCount "81"]
[EventDate "2013.??.??"]

1. c4 e5 2. Nc3 Nf6 3. g3 d5 4. cxd5 Nxd5 5. Bg2 Nb6 6. Nf3 Nc6 7. O-O Be7 8.
a3 O-O 9. d3 Be6 10. b4 f6 11. Bb2 Qd7 12. Re1 a5 13. b5 Nd4 14. Nxd4 exd4 15.
Ne4 a4 16. Qd2 Rfd8 17. Rec1 Bd5 18. Qf4 Qxb5 19. Bxd4 Bb3 20. Bc5 Nd5 21. Qg4
Re8 22. Bxe7 Rxe7 23. Nc5 Rae8 24. e4 Nb6 25. Rab1 c6 26. d4 Rd8 27. e5 fxe5
28. dxe5 Rxe5 29. Bf1 Qa5 30. Nxb7 Qa8 31. Nxd8 Qxd8 32. Rxc6 h5 33. Qb4 Nd5
34. Qd4 Qe8 35. Rbc1 Qe7 36. Rc8+ Kh7 37. Qd3+ g6 38. R1c6 Re6 39. Qd4 Re5 40.
Ra6 Qg7 41. Raa8 1-0

[Event "PERLA BALTYKU"]
[Site "Lazy"]
[Date "2013.07.03"]
[Round "4.9"]
[White "Jacek, Krystian"]
[Black "Mazalon, Mariusz"]
[Result "1/2-1/2"]
[WhiteElo "2139"]
[BlackElo "2029"]
[PlyCount "118"]
[EventDate "2013.??.??"]

1. e4 c5 2. Nf3 a6 3. d3 Nc6 4. g3 g6 5. Bg2 Bg7 6. O-O e6 7. c3 Nge7 8. Be3 b6
9. d4 cxd4 10. cxd4 d5 11. e5 O-O 12. Nc3 a5 13. Qd2 Ba6 14. Rfe1 Qd7 15. Bg5
Rfc8 16. a3 Bc4 17. Qf4 a4 18. h4 Kh8 19. h5 Ng8 20. Bh3 h6 21. hxg6 fxg6 22.
Qh4 Rf8 23. Nd2 Bd3 24. Re3 Bf5 25. g4 Bc2 26. Ne2 Rac8 27. Bf1 Na5 28. Nf4 Kh7
29. Rc1 Nb3 30. Nxb3 axb3 31. Ne2 Rc4 32. Rh3 Rf7 33. Be3 Rc7 34. Ng3 Bf8 35.
Ra1 Be7 36. g5 Qd8 37. Be2 Kh8 38. Qg4 Rh7 39. Qxe6 Bxg5 40. f4 Bh4 41. Qg4
Bxg3 42. Qxg3 h5 43. Bd2 Nh6 44. Qg5 Qc8 45. Rc3 Nf5 46. Qf6+ Rhg7 47. Rxc7
Qxc7 48. Bc3 Kh7 49. Bf3 Rf7 50. Qg5 Qc6 51. Re1 Qe6 52. Bg2 Ne7 53. Qg3 Nc6
54. Bh3 Bf5 55. Bf1 Rg7 56. Kf2 Be4 57. Bh3 Bf5 58. Bg2 Bg4 59. Qe3 Rf7 1/2-1/2

[Event "PERLA BALTYKU"]
[Site "Lazy"]
[Date "2013.07.03"]
[Round "4.10"]
[White "Jarmula, Pawel"]
[Black "Adamowicz, Maciej"]
[Result "0-1"]
[WhiteElo "2174"]
[BlackElo "2036"]
[PlyCount "88"]
[EventDate "2013.??.??"]

1. e4 c5 2. Nf3 g6 3. d4 cxd4 4. Qxd4 Nf6 5. e5 Nc6 6. Qf4 Nd5 7. Qe4 Ndb4 8.
c3 d5 9. Qe2 Na6 10. Bf4 Bg7 11. Qe3 Nc7 12. Bd3 d4 13. cxd4 Bg4 14. Nc3 Bxf3
15. gxf3 Qxd4 16. Qxd4 Nxd4 17. Be4 Nce6 18. Bg3 Nc5 19. O-O-O Nxe4 20. fxe4
Nf3 21. e6 fxe6 22. Nb5 Rc8+ 23. Kb1 a6 24. Na3 b5 25. Nc2 Kf7 26. Rd7 Rhd8 27.
Rhd1 Rxd7 28. Rxd7 Bh6 29. Ne3 Ke8 30. Rd3 Bxe3 31. fxe3 Ng5 32. e5 Ne4 33. Be1
Rd8 34. Kc2 Rd5 35. Ra3 Nc5 36. Bg3 Kd7 37. Bf4 b4 38. Ra5 Kc6 39. e4 Rd4 40.
Rxc5+ Kxc5 41. Be3 g5 42. h3 h5 43. Kb3 h4 44. a3 a5 0-1

[Event "PERLA BALTYKU"]
[Site "Lazy"]
[Date "2013.07.03"]
[Round "4.11"]
[White "Bednarska-Bzdega, Malgorzata"]
[Black "Suliborski, Jakub"]
[Result "1/2-1/2"]
[WhiteElo "2115"]
[BlackElo "2007"]
[PlyCount "95"]
[EventDate "2013.??.??"]

1. e4 c5 2. Nf3 d6 3. d4 cxd4 4. Nxd4 Nf6 5. Nc3 a6 6. Bc4 e6 7. Bb3 Qc7 8. O-O
Be7 9. f4 Nc6 10. Kh1 O-O 11. f5 Nxd4 12. Qxd4 Ng4 13. Qd1 Ne5 14. Qh5 b5 15.
Bg5 b4 16. Ne2 Qd8 17. Bxe7 Qxe7 18. fxe6 Bxe6 19. Nd4 Bg4 20. Nf5 Qd8 21. Qh4
Qxh4 22. Nxh4 Be6 23. Nf5 Bxf5 24. exf5 a5 25. a4 Rfd8 26. Rad1 Ng4 27. Rf4 h5
28. h3 Nf6 29. Rfd4 d5 30. Bxd5 Nxd5 31. Rxd5 Rxd5 32. Rxd5 Rc8 33. Rd2 Rc5 34.
g4 hxg4 35. hxg4 Rc4 36. Rg2 Kh7 37. Kg1 Kh6 38. g5+ Kh5 39. g6 fxg6 40. Rxg6
Rg4+ 41. Kf2 Rxg6 42. fxg6 Kxg6 43. Ke3 Kf5 44. c4 bxc3 45. b4 Ke5 46. bxa5 Kd5
47. Kd3 g5 48. Kxc3 1/2-1/2